000 00858nam a22003137a 4500
001 BR2014003941
003 BR-BrBNA
005 20230928104449.0
007 ta
008 230509b bl.||||| |||| 00| 0 por d
040 _aBR-BrBNA
_bpor
_cBiblioteca Nacional de Agricultura
041 _a(Por)
072 _aP01
090 _ P01 BR2014003941
100 1 _aPiffer, M.
110 1 _aMarcos Piffer Fotografia Editora, São Paulo, SP (Brasil)
245 1 _aFlora inventário particular de espécies da mata atlântica
260 3 _aSão Paulo, SP (Brasil):
_c2009.
300 _a176 p.
500 _aSummary (Por); 150 illus
650 _aFLORA
650 _aFOTOGRAFIA
650 _aINVENTÁRIO
650 _aESPÉCIE
650 _aMATA
650 _aPRESERVAÇÃO DA NATUREZA
909 _a202309
_bLucia
_c55
_dLucia Elande
942 _cBK
999 _c80061
_d80061